| 000 | 00689nam a2200205u 4500 | ||
|---|---|---|---|
| 001 | 000019045 | ||
| 005 | 20200929165917.0 | ||
| 008 | 820430s1967 ec 000 0 spa | ||
| 040 |
_aDO-SdBNP _cCarP _dDLC _dBNPHU |
||
| 082 |
_aE861.44 _bM827d |
||
| 100 | 1 |
_aMora Anda, Eduardo, _d1948- _940970 |
|
| 245 | 1 | 0 |
_aDiario de luz / _cEduardo Mora Anda ; portada César Oswaldo Mora. |
| 260 |
_aQuito : _bEditorial Casa de la Cultura Ecuatoriana, _c1967. |
||
| 300 |
_a26 p. ; _c22 cm. |
||
| 650 | 4 |
_aPoesía ecuatoriana _ySIGLO XX _940971 |
|
| 650 | 4 |
_aLiteratura ecuatoriana _ySIGLO XX _914420 |
|
| 700 | 1 |
_aOswaldo Mora, César _940972 |
|
| 910 | _aCatalogación derivada / LC | ||
| 049 | _aBNGR | ||
| 999 |
_c18563 _d18563 |
||